000 00660cam a2200229 a 4500
001 13008272
003 OSt
005 20150908102014.0
008 021121s2002 nyua be 001 0 eng d
010 _a 2001522633
020 _a082470634X (acid free paper)
035 _a(OCoLC)ocm50953924
040 _aSEKU
050 0 0 _aS 592
_b.E5 2002
245 0 0 _aEncyclopedia of soil science
_cedited by Rattan Lal.
260 _aNew York :
_bMarcel Dekker,
_cc2002.
300 _axxviii, 1476 p. :
_bill. ;
_c29 cm.
504 _aIncludes bibliographical references and index.
650 0 _aSoil science
_vEncyclopedias.
700 1 _aLal, R.
942 _2lcc
_cGEN
999 _c8726
_d8726